000 00303nam a22001097a 4500
082 _a910/SAI
100 _aSaini, Bhumika
_981967
245 _aIndian And World Geography
_bFor UPSC and State civil services examination
260 _aChennai
_bMcGraw Hill
_c2023
650 _a Geography
_913442
942 _cBK
999 _c66213
_d66213